Proust /

Guardat en:
Dades bibliogràfiques
Autor principal: Beckett, Samuel (Autor)
Altres autors: Moravia, Sergio (Autor d'introducció, etc.), Gallone, Carlo (Traductor)
Format: Llibre
Idioma:italià
Publicat: Milano : SugarCo, stampa 1978
Col·lecció:Tasco ; 4
Matèries:
Etiquetes: Afegir etiqueta
Sense etiquetes, Sigues el primer a etiquetar aquest registre!

MARC

LEADER 00000nam a22000007i 4500
001 IT\ICCU\RAV\0018846
003 ItRI
005 20260115232345.0
008 870914s1978 it |||||| ||||| |||||c
040 |b ita  |c importazione bologna sebina 
041 7 |a ita  |2 ISO-639-2 
082 |a 843.912  |9 NARRATIVA FRANCESE, 1900-1945  |2 23 
100 1 |a Beckett, Samuel  |0 IT\ICCU\CFIV\007592  |4 aut 
240 1 0 |a Proust  |3 IT\ICCU\RAV\0018849  |9 Beckett, Samuel 
245 1 0 |a Proust /  |c Samuel Beckett ; prefazione di Sergio Moravia. 
260 |a Milano :  |b SugarCo,  |c stampa 1978 
300 |a 94 p. ;  |c 20 cm 
500 |a Traduzione di Carlo Gallone 
650 7 |a Proust, Marcel 
700 1 |a Moravia, Sergio  |0 IT\ICCU\CFIV\010884  |4 aui 
700 1 |a Gallone, Carlo  |0 IT\ICCU\SBLV\022442  |4 trl 
830 0 |a Tasco ;  |v 4  |0 IT\ICCU\CFI\0000467 
942 |2 ddc  |c BK  |n 0 
952 |0 0  |1 0  |4 0  |6 DOC_843_912000000000000_BEC  |7 0  |9 24736  |a BO  |b BO  |d 2026-01-15  |i 15444  |l 0  |o DOC 843.912 BEC  |p BO15444  |r 2026-01-15 23:23:45  |w 2026-01-15  |x [Sebina 5] [1 v.]  |y BK  |z 1 v. 
999 |c 21025  |d 21025